La tailandesa.

Збережено в:
Бібліографічні деталі
Автор: Baboun Garib, Isabel (autora)
Формат: Книга
Опубліковано: Santiago, Chile: Tusquets, 2023.
Редагування:1ª edición.
Серія:Colección Andanzas.
Предмети:
Теги: Додати тег
Немає тегів, Будьте першим, хто поставить тег для цього запису!

MARC

LEADER 00000nam a22000007a 4500
003 CL-VaPUC
005 20240916121401.0
008 240905t2023 ||||| |||| 00| 0 eng d
999 |c 444618  |d 444616 
020 |a 978-956-9961-56-4 
040 |c Pontificia Universidad Católica de Valparaíso 
082 |2 22  |a Ch863.5 BAB 2023  
100 |a Baboun Garib, Isabel   |e autora  |9 891048 
245 1 3 |a La tailandesa.  
250 |a 1ª edición. 
260 |a Santiago, Chile:  |b Tusquets,  |c 2023. 
300 |a 183 páginas. 
490 |a Colección Andanzas.  
500 |a c.1-2. Donación Biblioteca Mayor de Filosofía y Educación. 30/8/2024. 
583 |c 20240905  |k GC 
650 0 |9 265425  |a Novelas chilenas   |v Dramas   |x Oposición, desobediciendia, etc.   |y Siglo 21  
942 |2 ddc  |c BK 
952 |0 0  |1 0  |2 ddc  |4 0  |6 CH_863_500000000000000_BAB_2023  |7 0  |8 A  |9 596616  |a BIBEDU  |b BIBEDU  |d 2024-09-05  |e Donación  |i 5662640  |o Ch863.5 BAB 2023  |p 5662640  |r 2024-09-05  |t 1  |w 2024-09-05  |y BK  |k LIT 
952 |0 0  |1 0  |2 ddc  |4 0  |6 CH_863_500000000000000_BAB_2023  |7 0  |8 A  |9 596617  |a BIBEDU  |b BIBEDU  |d 2024-09-05  |e Donación  |i 5662641  |o Ch863.5 BAB 2023  |p 5662641  |r 2024-09-05  |t 2  |w 2024-09-05  |y BK  |k MLA